000
00264nam a2200097Ia 4500
001
676174
005
20250826160954.0
008
250824s9999 xx 000 0 und d
245
0
_a
ARŞİMET ZEKAİ GİZEMLİ TATİLDE
_c
DURAN ÇETİN
260
_b
ATLI KARINCA YAYINLARI
999
_c
676174
_d
676174